000 01147cam a2200313 a 4500
999 _c1452
_d1452
003 OSt
005 20220329055701.0
008 850503s1985 nyua b 001 0 eng c
020 _a038796147X (pbk.) :
040 _cALUPE UNIVERSITY
050 0 0 _aQP361
_b.N48 1985
060 _aWL 102 G889
245 1 0 _aFundamentals of neurophysiology /
_cedited by Robert F. Schmidt ; with contributions by J. Dudel ... [et al.] ; translated [by] M.A. Biederman-Thorson.
250 _a3rd rev. ed.
260 _aNew York :
_bSpringer-Verlag,
_cc1985.
300 _aix, 346 p. :
_bill. ;
_c23 cm.
500 _aTranslation of: Grundriss der Neurophysiologie.
500 _aCompanion v. to: Fundamentals of sensory physiology / edited by Robert F. Schmidt. 2nd corr. ed. 1981.
500 _a"Springer study edition"--P. [ii]
500 _aIncludes index.
504 _aBibliography: p. 317-322.
650 0 _aNeurophysiology.
650 2 _aNervous System
_xphysiology.
700 1 _aSchmidt, Robert F.,
_d1932-
700 1 _aDudel, Josef.
730 0 _n2nd corr. ed.
906 _a7
_bcbc
_corignew
_d1
_eocip
_f19
_gy-gencatlg
942 _2lcc
_cBK
_nSO